Les Plantes grasses : autres que les cactées
Salvato in:
| Autore principale: | |
|---|---|
| Natura: | Libro |
| Lingua: | Undetermined |
| Pubblicazione: |
Paris
Maison Rustique
1961
|
| Soggetti: | |
| Tags: |
Aggiungi Tag
Nessun Tag, puoi essere il primo ad aggiungerne! !
|
| Thư viện lưu trữ: | Trung tâm Học liệu Trường Đại học Cần Thơ |
|---|
| LEADER | 00500nam a2200193Ia 4500 | ||
|---|---|---|---|
| 001 | CTU_13445 | ||
| 008 | 210402s9999 xx 000 0 und d | ||
| 082 | |a 635.96 | ||
| 082 | |b B548 | ||
| 100 | |a A Bertrand | ||
| 245 | 0 | |a Les Plantes grasses : | |
| 245 | 0 | |b autres que les cactées | |
| 245 | 2 | |c A Bertrand | |
| 260 | |a Paris | ||
| 260 | |b Maison Rustique | ||
| 260 | |c 1961 | ||
| 650 | |a plants, ornamental | ||
| 904 | |i Minh, 961129 | ||
| 980 | |a Trung tâm Học liệu Trường Đại học Cần Thơ | ||